000 00548nam a22001577a 4500
005 2012050101261.0
008 120501t xxu||||| |||| 00| 0 eng d
020 _a8172731531
_c000.00
035 _aB-120779
040 _aDPL
_bENG
100 _aMishra R.C.
_91269
245 _aGovernance of human rights /
_cby R.C.Mishra
300 _avi, 298p.
_c22cm
942 _2ddc
_cEN
_h323
_mMIS
999 _c65895
_d65895